Nomi dei calciatori - Quiz n°20 - Statistics

Statistiche generali
  • Questo quiz è stato fatto 125 volte
  • Il punteggio medio è 8 su 10
Statistiche sulle risposte
Hint Risposta % Corretto
Schick Patrik
93%
Abate Ignazio
91%
Abraham Tammy
91%
Origi Divock
86%
Kamada Daichi
83%
Walcott Theo
74%
Odriozola Álvaro
72%
Linetty Karol
72%
Obiang Pedro
68%
Elia Eljero
64%
Nessun quiz corrispondente trovato
Distribuzione punteggi
Percentuale di utenti per punteggio
Percentile per numero di risposta
I tuoi punteggi nel tempo
Non hai fatto questo quiz